The Cyclical Behaviour of Fiscal Policy During the Covid-19 Crisis

Guardado en:
Detalles Bibliográficos
Autor principal: Heimberger, Philipp
Formato: Libro
Lenguaje:inglés
Publicado: Vienna The Vienna Institute for International Economic Studies 2022
Materias:
Etiquetas: Agregar Etiqueta
Sin Etiquetas, Sea el primero en etiquetar este registro!

MARC

LEADER 00000nlm a2200000 4500
001 0291395
005 20240416114204.9
041 0 |a eng 
044 |a AT 
245 1 0 |a The Cyclical Behaviour of Fiscal Policy During the Covid-19 Crisis  |c Philipp Heimberger 
264 1 |a Vienna  |b The Vienna Institute for International Economic Studies  |c 2022 
300 |a 37 s. 
610 2 0 |a politika fiškálna 
610 2 0 |a koronakríza 
610 2 0 |a kríza finančná 
610 2 0 |a kríza menová 
100 1 |a Heimberger, Philipp